Börsen A-B-C Wörterbuch des gesamten Bank- und Börsenwesens

Na minha lista:
Detalhes bibliográficos
Formato: Livro
Idioma:alemão
Publicado em: Berlin Haude & Spener 1894
Tags: Adicionar Tag
Sem tags, seja o primeiro a adicionar uma tag!

MARC

LEADER 00000nam a2200000 4500
001 0307484
005 20250305113106.8
041 0 |a ger 
044 |a DE 
245 1 0 |a Börsen A-B-C  |b Wörterbuch des gesamten Bank- und Börsenwesens  |c Adolf Sandheim 
264 1 |a Berlin  |b Haude & Spener  |c 1894